00825nam a2200241 a 450000100060000000300080000600500170001400800410003103500200007204000290009204100080012108200250012910000340015424500600018826000510024830000290029949000290032850000210035750000670037865000280044571000420047383000680051545431BD-RjUL20211209054019.0160726s1957 njua 001 0 eng  a(BD-RjUL) 45549 aLCbengcLCdNUdBD-RjUL aeng04223a339.47bFRT 19571 aFriedman, Milton,d1912-2006.12aA theory of the consumption function /cMilton Friedman aPrinceton :bPrinceton University Press,c1957 a243 p. :bill. ;c24 cm.0 aGeneral series ;vno. 63 aIncludes index.  aA study by the National Bureau of Economic Research, New York. 0aConsumption (Economics)2 aNational Bureau of Economic Research. 0aGeneral series (National Bureau of Economic Research) ;vno. 63